<?xml version="1.0" encoding="UTF-8"?>
<record
    xmlns:xsi="http://www.w3.org/2001/XMLSchema-instance"
    xsi:schemaLocation="http://www.loc.gov/MARC21/slim http://www.loc.gov/standards/marcxml/schema/MARC21slim.xsd"
    xmlns="http://www.loc.gov/MARC21/slim">

  <leader>02193nam a2200337 a 4500</leader>
  <controlfield tag="003">CHAP</controlfield>
  <controlfield tag="005">20230421115447.0</controlfield>
  <controlfield tag="007">ta</controlfield>
  <controlfield tag="008">230322s2017    mx ||||fr|||| 001 0 spa d</controlfield>
  <datafield tag="020" ind1=" " ind2=" ">
    <subfield code="a">978-607-17-2897-5</subfield>
  </datafield>
  <datafield tag="040" ind1=" " ind2=" ">
    <subfield code="a">mxchpua</subfield>
    <subfield code="c">CHAP</subfield>
    <subfield code="e">rda</subfield>
  </datafield>
  <datafield tag="050" ind1="1" ind2="0">
    <subfield code="a">HF5686.C8</subfield>
    <subfield code="b">.G37 2017</subfield>
  </datafield>
  <datafield tag="082" ind1="0" ind2="0">
    <subfield code="a">657.42</subfield>
    <subfield code="b">G37 2017</subfield>
    <subfield code="2">20</subfield>
  </datafield>
  <datafield tag="100" ind1="1" ind2=" ">
    <subfield code="9">186493</subfield>
    <subfield code="a">Garc&#xED;a Hern&#xE1;ndez, Jes&#xFA;s</subfield>
  </datafield>
  <datafield tag="245" ind1="1" ind2="0">
    <subfield code="a">Contabilidad de costos /</subfield>
    <subfield code="c">Jes&#xFA;s Garc&#xED;a Hern&#xE1;ndez</subfield>
  </datafield>
  <datafield tag="250" ind1=" " ind2=" ">
    <subfield code="a">1a edici&#xF3;n</subfield>
  </datafield>
  <datafield tag="264" ind1=" " ind2=" ">
    <subfield code="a">M&#xE9;xico :</subfield>
    <subfield code="b">Trillas,</subfield>
    <subfield code="c">2017</subfield>
  </datafield>
  <datafield tag="300" ind1=" " ind2=" ">
    <subfield code="a">425 p&#xE1;ginas :</subfield>
    <subfield code="b">diagramas, tablas</subfield>
  </datafield>
  <datafield tag="336" ind1=" " ind2=" ">
    <subfield code="2">rdacontent</subfield>
    <subfield code="a">texto</subfield>
    <subfield code="b">txt</subfield>
  </datafield>
  <datafield tag="337" ind1=" " ind2=" ">
    <subfield code="2">rdamedia</subfield>
    <subfield code="a">sin medio</subfield>
    <subfield code="b">n</subfield>
  </datafield>
  <datafield tag="338" ind1=" " ind2=" ">
    <subfield code="2">rdacarrier</subfield>
    <subfield code="a">volumen</subfield>
    <subfield code="b">nc</subfield>
  </datafield>
  <datafield tag="505" ind1="0" ind2=" ">
    <subfield code="a">Contabilidad financiera --
Estructura financiera de la entidad industrial --
Sistemas de costos por procesos --
Desperdicios normales y extraordinarios --
Cat&#xE1;logo de cuentas --
Estados financieros b&#xE1;sicos</subfield>
  </datafield>
  <datafield tag="520" ind1="2" ind2=" ">
    <subfield code="a">La presente obra se elabor&#xF3; de acuerdo con programas vigentes de la asignatura de Contabilidad de Costos de la Universidad Nacional Aut&#xF3;noma de M&#xE9;xico y del Instituto Polit&#xE9;nico Nacional. Sirve como libro de texto al estudiante de la materia y lo capacita, paso a paso, desde los temas m&#xE1;s sencillos hasta los m&#xE1;s complejos sobre los costos hist&#xF3;ricos, tanto por &#xF3;rdenes de producci&#xF3;n como por procesos, a fin de que conozcan a fondo las caracter&#xED;sticas y el mecanismo de ambos sistemas, as&#xED; como los desperdicios y estados financieros, y que pueda aplicarlos y manejarlos eficientemente en la pr&#xE1;ctica. Para el docente constituye una gu&#xED;a, ya que cada tema tratado est&#xE1; ampliamente desarrollado y analizado desde los &#xE1;ngulos m&#xE1;s diversos; adem&#xE1;s, tiene un car&#xE1;cter flexible que permite su expansi&#xF3;n o contracci&#xF3;n en clase, en la medida en que el profesor lo estime pertinente. Por &#xFA;ltimo, esta obra representa una fuente de consulta para el profesional interesado en ahondar en la materia.</subfield>
  </datafield>
  <datafield tag="650" ind1="1" ind2="7">
    <subfield code="9">27421</subfield>
    <subfield code="a">Contabilidad</subfield>
  </datafield>
  <datafield tag="650" ind1="1" ind2="3">
    <subfield code="9">186494</subfield>
    <subfield code="a">Planificaci&#xF3;n financiera</subfield>
  </datafield>
  <datafield tag="650" ind1="1" ind2="3">
    <subfield code="9">157891</subfield>
    <subfield code="a">Control de costos</subfield>
  </datafield>
  <datafield tag="650" ind1="1" ind2="0">
    <subfield code="a">Financial planning</subfield>
    <subfield code="9">186496</subfield>
  </datafield>
  <datafield tag="650" ind1="1" ind2="3">
    <subfield code="9">154623</subfield>
    <subfield code="a">Accounting</subfield>
  </datafield>
  <datafield tag="650" ind1="1" ind2="3">
    <subfield code="9">186498</subfield>
    <subfield code="a">Cost control</subfield>
  </datafield>
  <datafield tag="942" ind1=" " ind2=" ">
    <subfield code="2">ddc</subfield>
    <subfield code="c">Libro</subfield>
  </datafield>
  <datafield tag="999" ind1=" " ind2=" ">
    <subfield code="c">218567</subfield>
    <subfield code="d">218567</subfield>
  </datafield>
  <datafield tag="952" ind1=" " ind2=" ">
    <subfield code="0">0</subfield>
    <subfield code="1">0</subfield>
    <subfield code="2">ddc</subfield>
    <subfield code="4">0</subfield>
    <subfield code="5">1</subfield>
    <subfield code="7">0</subfield>
    <subfield code="8">GRAL</subfield>
    <subfield code="a">IA_</subfield>
    <subfield code="b">IA_</subfield>
    <subfield code="d">2021-12-09</subfield>
    <subfield code="e">Compra Librer&#xED;a UACh F. 39632</subfield>
    <subfield code="i">Consumo</subfield>
    <subfield code="l">0</subfield>
    <subfield code="o">657.42 G37 2017</subfield>
    <subfield code="p">1102014497</subfield>
    <subfield code="r">2023-03-22 00:00:00</subfield>
    <subfield code="t">Ej. 1</subfield>
    <subfield code="w">2023-03-22</subfield>
    <subfield code="y">LIBRO</subfield>
  </datafield>
  <datafield tag="952" ind1=" " ind2=" ">
    <subfield code="0">0</subfield>
    <subfield code="1">0</subfield>
    <subfield code="2">ddc</subfield>
    <subfield code="4">0</subfield>
    <subfield code="5">5</subfield>
    <subfield code="7">0</subfield>
    <subfield code="8">GRAL</subfield>
    <subfield code="a">IA_</subfield>
    <subfield code="b">IA_</subfield>
    <subfield code="d">2021-12-09</subfield>
    <subfield code="e">Compra Librer&#xED;a UACh F. 39632</subfield>
    <subfield code="i">Consumo</subfield>
    <subfield code="l">3</subfield>
    <subfield code="o">657.42 G37 2017</subfield>
    <subfield code="p">1102014498</subfield>
    <subfield code="r">2025-12-02 09:32:26</subfield>
    <subfield code="s">2025-11-19</subfield>
    <subfield code="t">Ej. 2</subfield>
    <subfield code="w">2023-03-22</subfield>
    <subfield code="y">LIBRO</subfield>
  </datafield>
  <datafield tag="952" ind1=" " ind2=" ">
    <subfield code="0">0</subfield>
    <subfield code="1">0</subfield>
    <subfield code="2">ddc</subfield>
    <subfield code="4">0</subfield>
    <subfield code="5">5</subfield>
    <subfield code="7">0</subfield>
    <subfield code="8">GRAL</subfield>
    <subfield code="a">IA_</subfield>
    <subfield code="b">IA_</subfield>
    <subfield code="d">2021-12-09</subfield>
    <subfield code="e">Compra Librer&#xED;a UACh F. 39632</subfield>
    <subfield code="i">Consumo</subfield>
    <subfield code="l">1</subfield>
    <subfield code="o">657.42 G37 2017</subfield>
    <subfield code="p">1102014499</subfield>
    <subfield code="q">2025-06-28</subfield>
    <subfield code="r">2024-09-02 14:43:53</subfield>
    <subfield code="s">2024-09-02</subfield>
    <subfield code="t">Ej. 3</subfield>
    <subfield code="w">2023-03-22</subfield>
    <subfield code="y">LIBRO</subfield>
  </datafield>
</record>
